000 00363nam a22001457a 4500
020 _a978-81-264-4197-6
082 _a150
_bMUT/E
100 _aMUTHUKAD, GOPINATH
245 _aEE KATHAYILUMUNDORU MAGIC
_bJEEVITHA VIJAYATHINU KATHAKALUM ANUBHAVANGALUM
260 _aKOTTAYAM
_bDC BOOKS
_c2018
300 _a215
520 _aNOVEL
650 _aNOVEL
942 _cBK
999 _c5129
_d5129